<?xml version="1.0" encoding="UTF-8"?>
<record
    xmlns:xsi="http://www.w3.org/2001/XMLSchema-instance"
    xsi:schemaLocation="http://www.loc.gov/MARC21/slim http://www.loc.gov/standards/marcxml/schema/MARC21slim.xsd"
    xmlns="http://www.loc.gov/MARC21/slim">

  <leader>     cam a22     7a 4500</leader>
  <datafield tag="999" ind1=" " ind2=" ">
    <subfield code="c">7234</subfield>
    <subfield code="d">7234</subfield>
  </datafield>
  <controlfield tag="003">OSt</controlfield>
  <controlfield tag="005">20190703172848.0</controlfield>
  <controlfield tag="008">190703t20192019spca          001 0aspa d</controlfield>
  <datafield tag="020" ind1=" " ind2=" ">
    <subfield code="a">9788499428277</subfield>
  </datafield>
  <datafield tag="040" ind1=" " ind2=" ">
    <subfield code="a">ES-BaUAB</subfield>
    <subfield code="b">cat</subfield>
    <subfield code="c">CDMR</subfield>
  </datafield>
  <datafield tag="100" ind1="1" ind2=" ">
    <subfield code="a">Hersh, Seymour M.,</subfield>
  </datafield>
  <datafield tag="245" ind1="1" ind2="0">
    <subfield code="a">Reportero</subfield>
    <subfield code="b">: memorias del &#xFA;ltimo gran periodista americano /</subfield>
    <subfield code="c">Seymour M. Hersh</subfield>
  </datafield>
  <datafield tag="260" ind1=" " ind2=" ">
    <subfield code="a">Barcelona :</subfield>
    <subfield code="b">Pen&#xED;nsula,</subfield>
    <subfield code="c">2019</subfield>
  </datafield>
  <datafield tag="300" ind1=" " ind2=" ">
    <subfield code="a">512 p :</subfield>
    <subfield code="b">il ;</subfield>
    <subfield code="c">24 cm</subfield>
  </datafield>
  <datafield tag="504" ind1=" " ind2=" ">
    <subfield code="a">&#xCD;ndex</subfield>
  </datafield>
  <datafield tag="600" ind1="1" ind2="4">
    <subfield code="a">Hersh, Seymour M.</subfield>
  </datafield>
  <datafield tag="650" ind1="0" ind2="4">
    <subfield code="a">Periodisme</subfield>
    <subfield code="z">Estats Units d'Am&#xE8;rica</subfield>
    <subfield code="9">382</subfield>
  </datafield>
  <datafield tag="651" ind1=" " ind2="4">
    <subfield code="a">Estats Units d'Am&#xE8;rica</subfield>
    <subfield code="x">Pol&#xED;tica i govern</subfield>
    <subfield code="y">S. XX</subfield>
  </datafield>
  <datafield tag="942" ind1=" " ind2=" ">
    <subfield code="c">MON</subfield>
    <subfield code="2">udc</subfield>
  </datafield>
  <datafield tag="952" ind1=" " ind2=" ">
    <subfield code="0">0</subfield>
    <subfield code="1">0</subfield>
    <subfield code="4">0</subfield>
    <subfield code="7">0</subfield>
    <subfield code="a">CDMR</subfield>
    <subfield code="b">CDMR</subfield>
    <subfield code="d">2019-07-03</subfield>
    <subfield code="e">Intercanvi</subfield>
    <subfield code="g">23.90</subfield>
    <subfield code="l">6</subfield>
    <subfield code="m">4</subfield>
    <subfield code="o">Du 1/148</subfield>
    <subfield code="p">CDMR19071261</subfield>
    <subfield code="r">2021-02-04</subfield>
    <subfield code="s">2020-11-16</subfield>
    <subfield code="v">23.90</subfield>
    <subfield code="w">2019-07-03</subfield>
    <subfield code="y">MON</subfield>
  </datafield>
</record>
